New Testament in Persian. (Record no. 6063)

MARC details
000 -LEADER
fixed length control field 00622nam a2200241 a 4500
020 ## - INTERNATIONAL STANDARD BOOK NUMBER
ISBN
082 00 - DEWEY DECIMAL CLASSIFICATION NUMBER
Classification number 225.59155
Author Cutter BFS
100 ## - MAIN ENTRY--AUTHOR NAME
Author name British & Foreign, Bible Society
245 ## - TITLE STATEMENT
Title New Testament in Persian.
260 ## - PUBLICATION, DISTRIBUTION, ETC. (IMPRINT)
Place of publication London
Name of publisher British and Foreign Bible Society
Year of publication 0000
300 ## - PHYSICAL DESCRIPTION
Number of Pages 916p
500 ## - GENERAL NOTE
General note includes index and biblioraphy
505 2# - FORMATTED CONTENTS NOTE
Formatted contents note Index
650 ## - SUBJECT ADDED ENTRY--TOPICAL TERM
Topical Term Bible-Persian
942 ## - ADDED ENTRY ELEMENTS (KOHA)
Koha item type Books
700 1# -
-- British & Foreign, Bible Society
Holdings
Collection code Home library Current library Date acquired Cost, normal purchase price Full call number Accession Number Koha item type
  Henry Martyn Institute Library Henry Martyn Institute Library 06/19/2007 100.00 225.59155 BFS 07976 Books
                   Copyright © 2026 | Henry Martyn Institute | Hyderabad | TS-500052 | INDIA | Implemented by hmi.edu.in
Hit-Count:

Powered by Koha